Nghiên cứu các hoạt chất ức chế enzyme a - glucosidase của một số cây thuốc ở phú quốc và thành phần các hoạt chất từ cây cỏ sữa lá nhỏ : Luận văn thạc sĩ hóa học chuyên ngành hóa lý thuyết và hóa lý

Đề tài là cơ sở quan trọng cho việc tổng hợp thuốc điều trị bệnh ĐTĐ, đồng thời góp phần phát triển ngành hóa dược ở Việt Nam

Đã lưu trong:
Sonraí Bibleagrafaíochta
Príomhúdar: Trương, Kim Thoa
Formáid: Leabhar
Teanga:Undetermined
Foilsithe: Cần Thơ Trường Đại học Cần Thơ 2012
Ábhair:
Clibeanna: Cuir Clib Leis
Gan Chlibeanna, Bí ar an gcéad duine leis an taifead seo a chlibeáil!
Thư viện lưu trữ: Trung tâm Học liệu Trường Đại học Cần Thơ
LEADER 01172nam a2200217Ia 4500
001 CTU_175340
008 210402s9999 xx 000 0 und d
082 |a 541.3 
082 |b Th401 
088 |a 604031 
100 |a Trương, Kim Thoa 
245 0 |a Nghiên cứu các hoạt chất ức chế enzyme a - glucosidase của một số cây thuốc ở phú quốc và thành phần các hoạt chất từ cây cỏ sữa lá nhỏ : 
245 0 |b Luận văn thạc sĩ hóa học chuyên ngành hóa lý thuyết và hóa lý 
245 0 |c Trương Kim Thoa ; Nguyễn Thị Thanh Mai (Hướng dẫn khoa học) 
260 |a Cần Thơ 
260 |b Trường Đại học Cần Thơ 
260 |c 2012 
520 |a Đề tài là cơ sở quan trọng cho việc tổng hợp thuốc điều trị bệnh ĐTĐ, đồng thời góp phần phát triển ngành hóa dược ở Việt Nam 
650 |a Chemistry, physical and theoretical,Lý thuyết Hóa lý 
904 |i mai,Hải 
980 |a Trung tâm Học liệu Trường Đại học Cần Thơ